Lebensmittel mit "P" - Statistiken

Allgemein
  • Dieses Quiz wurde 334 mal gespielt
  • Das Durchschnittsergebnis liegt bei 21 aus 73
Antwortstatistiken
Lebensmittel % Korrekt
Paprika
90%
Pizza
73%
Pfeffer
71%
Pasta
68%
Pflaume
67%
Pfannkuchen
65%
Pfirsich
56%
Pilze
53%
Petersilie
52%
Pommes
47%
Putenfleisch
46%
Papaya
43%
Parmesan
42%
Peperoni
41%
Pistazie
41%
Pudding
41%
Pampelmuse
40%
Pflaumenmus
39%
Pomelo
39%
Püree
38%
Pferdewurst
37%
Preiselbeere
37%
Puderzucker
34%
Pellkartoffeln
32%
Polenta
32%
Paprikapulver
31%
Pesto
31%
Pflaumenkuchen
31%
Palatschinken
30%
Pinienkerne
30%
Paniermehl
29%
Porree
29%
Pastete
28%
Piment
28%
Pumpernickel
28%
Penne
27%
Plundergebäck
27%
Pastinake
26%
Pekannuss
26%
Pannacotta
25%
Pirogge
24%
Parmaschinken
23%
Prosecco
23%
Paranuss
22%
Pfefferkuchen
22%
Pfifferling
22%
Portwein
20%
Puffreis
20%
Porridge
19%
Paella
16%
Praline
16%
Pflanzenöl
15%
Prinzessbohne
15%
Pilsner
14%
Plinse
14%
Presssack
14%
Pfefferminze
13%
Plätzchen
13%
Popcorn
13%
Pfefferminztee
10%
Pilzsuppe
10%
Pitabrot
10%
Pökelfleisch
10%
Punsch
10%
Physalis
9%
Pomeranze
9%
Plattpfirsich
8%
Passionsfrucht
7%
Piccolo
7%
Pfefferminzbonbon
6%
Paradeiser
4%
Parfait
2%
Portulak
1%
Keine übereinstimmenden Quizze gefunden
Verteilung der Resultate
Anzahl Personen mit jedem Resultat
Perzentil nach korrekt beantworteten Fragen
Ihre Resultats-Entwicklung
Sie haben dieses Quiz noch nicht gespielt